Fundamentals of finance and management (Record no. 7019)

MARC details
000 -LEADER
fixed length control field 00496 a2200181 4500
001 - CONTROL NUMBER
control field 132665
003 - CONTROL NUMBER IDENTIFIER
control field OSt
005 - DATE AND TIME OF LATEST TRANSACTION
control field 20220127104205.0
008 - FIXED-LENGTH DATA ELEMENTS--GENERAL INFORMATION
fixed length control field
082 ## - DEWEY DECIMAL CLASSIFICATION NUMBER
Classification number 658.15
Item number T13F
100 1# - MAIN ENTRY--PERSONAL NAME
Personal name Tailor, R. K.
245 1# - TITLE STATEMENT
Title Fundamentals of finance and management
Statement of responsibility, etc by R.K. Tailor and Amiya K Mohapatra
260 ## - PUBLICATION, DISTRIBUTION, ETC. (IMPRINT)
Place of publication, distribution, etc Jaipur
Name of publisher, distributor, etc Prateeksha Publications
Date of publication, distribution, etc 2011
300 ## - PHYSICAL DESCRIPTION
Extent 262p.
690 ## - LOCAL SUBJECT ADDED ENTRY--TOPICAL TERM (OCLC, RLIN)
Topical term or geographic name as entry element Financial management;
700 ## - ADDED ENTRY--PERSONAL NAME
Personal name Mohapatra, Amiya K.
942 ## - ADDED ENTRY ELEMENTS (KOHA)
Source of classification or shelving scheme Dewey Decimal Classification
Koha item type Books
Holdings
Withdrawn status Lost status Source of classification or shelving scheme Damaged status Not for loan Collection code Home library Current library Date acquired Source of acquisition Total Checkouts Full call number Barcode Date last seen Date checked out Price effective from Koha item type
    Dewey Decimal Classification     General Text Book Central University Of Rajasthan Central University Of Rajasthan 21/06/2012 MGM 2 658.15 T13F 10192 22/11/2024 21/11/2024 02/09/2020 Books